000 00891nam a2200289 i 4500
001 000016494
003 DO-SdBNP
005 20251010082021.0
007 ta
008 100305s197u dr a 000 0 spa d
040 _aDO-SdBNP
_bspa
_cBNPHU
_erda
041 _aspa
082 2 _a370.11
_bM828h
_222
100 1 _aMorales, Alfredo A.,
_916851
_eautor
_4aut.
245 1 0 _aHombre nuevo :
_bnueva educación /
_cAlfredo A. Morales.
264 1 _aSanto Domingo :
_bEditora de La Salle,
_c[197-].
300 _a188 páginas :
_bilustraciones ;
_c22 cm.
336 _atexto
_btxt
_2rdacontent
337 _asin mediación
_bn
_2rdamedia
338 _avolumen
_bnc
_2rdacarrier
504 _aBibliografía : p.187-188
590 _aInventariado, 2023/BT
650 4 _aEducación
_xFines y objetivos
_936721
650 4 _aObjetivos educativos
_936722
910 _aBtavárez
942 _2ddc
_cLBS1
999 _c16029
_d16029